000 00636nam a2200205 a 4500
001 000740660
003 AM-YeHGA
005 20250617143353.0
008 100604s1969 ||| r 000 0 rus d
040 _aAM-YeHGA
041 0 _arus
100 1 _aКоляда, Иван Митрофанович
245 1 0 _aОдесса :
_bПутеводитель /
_cИ. Коляда.
250 _a6-е изд., доп.
260 _aОдесса :
_bМаяк,
_c1969.
300 _a189 с. :
_b[16] л. ил.
500 _aНа тит. л. авт. не указан
653 0 _aОдесса - Путеводители
090 _c275603
999 _c273960
_d273960